000
00334pam a2200157a 44500
008
230515b1967 xxu||||| |||| 00| 0 eng d
020
_a
NULL
041
_a
HINDI
082
_a
1
100
_a
YADAVSHARMANA
245
_a
GADH NIGRAH-1
250
_a
1
260
_a
SANGAI
_b
N.D.
_c
1967
300
_a
100
650
_a
GADH NIGRAH-1
999
_c
497014
_d
497014